000 00433nam a2200181Ia 4500
008 230524s9999 xx 000 0 und d
020 _a9788183510073
082 _bKRI
100 _aKVSG Murali Krishna
_941999
245 0 _aPersonality Development
250 _a1
260 _aNew Delhi
_bReem
_c2008
300 _a136p;
500 _aQuantity Number: 1
650 _aEnglish
700 _aKvkk Prasad
_942000
942 _cBK
999 _c56414
_d56414